00428nam a2200157Ia 4500003000400000005001700004008004100021020001800062040000900080082001700089100002600106245007800132260004000210300000900250650001100259OSt20200915130955.0190216s9999||||xx |||||||||||||| ||und|| a9788185063263 coclc a492.7bFAY/E aFaynan, Rafi'el Imad  4aThe Essential Arabic :bA Learners Practical Guide /cRafi'el Imad Faynan bGood Word Books,aNew Delhi:c2004. a182p aArabic